[Event "Agzamov Mem"]
[Site "Tashkent UZB"]
[Date "2007.03.16"]
[Round "1"]
[White "Hamrakulova,Y"]
[Black "Egin,V"]
[Result "0-1"]
[WhiteElo "2229"]
[BlackElo "2437"]

1.d4 d5 2.c4 dxc4 3.e3 Nf6 4.Bxc4 e6 5.Nf3 c5 6.O-O a6 7.Bb3 b5 8.a4 b4 9.Nbd2 Be7
10.e4 Bb7 11.e5 Nfd7 12.Nc4 O-O 13.Bc2 Nc6 14.Bf4 cxd4 15.Nxd4 Nc5 16.Be3 Na5
17.Nxa5 Qxa5 18.Qh5 g6 19.Qg4 Rfd8 20.f4 b3 21.Bb1 Qb4 22.f5 exf5 23.Nxf5 Qxg4
24.Nh6+ Kh8 25.Nxg4 Bd5 26.Nf6 Be6 27.Ne4 Rac8 28.Ng5 Kg7 29.Rc1 Bd5 30.Nh3 Bb7
31.Nf4 Nxa4 32.Rxc8 Bxc8 33.Rxa4 Rd1+ 34.Kf2 Rxb1 35.Bd4 Rd1 36.Nd5 Rxd4
37.Rxd4 Bc5 38.Ke3 Bb7 39.Nc7 Bxg2 40.Nxa6 Bb6 41.Nb4 g5 42.Kd3 Bxd4 43.Kxd4 Kg6
44.Nd3 Kf5 45.Nc5 Kg4 46.Nxb3 Kh3 47.Ke3 Kxh2 48.Nd4 Bd5 49.b4 g4 50.Ne2 g3
51.b5 h5 52.b6 Bb7 53.Kf4 g2 54.Kg5 Ba6 55.Kf6 Bxe2 56.b7 g1=Q 57.b8=Q Qg6+
58.Ke7 Qe6+ 59.Kd8 Qd5+ 60.Ke7 Qe6+ 61.Kd8 Kg3 62.Qb2 Bf3 63.Qc3 h4 64.Qe1+ Kg4
65.Qg1+ Kf5 66.Qf2 Qd5+ 67.Ke7 Qxe5+ 68.Kxf7 Qf4  0-1

[Event "VS Arhipov Mem"]
[Site "Chelyabinsk RUS"]
[Date "2007.03.17"]
[Round "9"]
[White "Riazantsev,A"]
[Black "Dvoirys,S"]
[Result "1-0"]
[WhiteElo "2629"]
[BlackElo "2534"]

1.d4 d5 2.c4 dxc4 3.Nf3 Nf6 4.e3 e6 5.Bxc4 c5 6.O-O a6 7.Bd3 Nc6 8.Nc3 Be7
9.dxc5 Bxc5 10.a3 Be7 11.b4 b5 12.Bb2 Bb7 13.Rc1 Rc8 14.Ne4 Nxb4 15.Nxf6+ Bxf6
16.Bxf6 Qxd3 17.Rxc8+ Bxc8 18.Qc1 Qc4 19.Ne5 Nd3 20.Nxc4 Nxc1 21.Rxc1 bxc4
22.Bxg7 Rg8 23.Rxc4 Bb7 24.Rc7 Rxg7 25.Rxb7 Rg5 26.Rb4 Rc5 27.g3 a5 28.Rb8+ Ke7
29.Rb7+ Kf6 30.Ra7 h5 31.Kg2 Kg6 32.Ra6 Kf5 33.Kf3 f6 34.h3 e5 35.g4+ hxg4+
36.hxg4+ Kg5 37.Ra8 Rc4 38.Rxa5 Rxg4 39.a4 Rb4 40.Ra8 Kf5 41.a5 Ra4 42.a6 e4+
43.Kg3 Ra1 44.Kg2 Ra2 45.a7 Ra1 46.f3 exf3+ 47.Kxf3 Rf1+ 48.Kg2 Ra1 49.Kf2 Ra4
50.Kf3 Ra3 51.Ke2 Ra1 52.e4+ Kf4 53.e5 Ra2+ 54.Kd1 Ra1+ 55.Kc2  1-0

[Event "VIII Dos Hermanas Internet"]
[Site "ICC INT"]
[Date "2007.03.23"]
[Round "1.4"]
[White "Golod,V"]
[Black "Wang Rui"]
[Result "0-1"]
[WhiteElo "2597"]
[BlackElo "2480"]

1.d4 d5 2.c4 c6 3.Nf3 Nf6 4.e3 e6 5.Bd3 dxc4 6.Bxc4 c5 7.O-O a6 8.Bb3 Nc6
9.Nc3 cxd4 10.exd4 Be7 11.Qe2 Nxd4 12.Nxd4 Qxd4 13.Rd1 Qg4 14.Qe5 Bd7 15.Rd4 Qg6
16.Ne2 Bc6 17.Nf4 Qf5 18.Qxf5 exf5 19.Nd3 Ne4 20.Ne5 Bc5 21.Bxf7+ Ke7 22.Rxe4 Bxe4
23.Bg5+ Kf8 24.Bb3 Be7 25.Be3 a5 26.a3 a4 27.Ba2 Bc2 28.Rc1 Bb3 29.Bxb3 axb3
30.f4 Bd6 31.Rc3 Ke7 32.Rxb3 Rhb8 33.Nc4 Ra4 34.Nb6 Re4 35.Kf2 Ke6 36.Kf3 Rd8
37.Rc3 Be7 38.g3 Rd1 39.Rb3 Rf1+ 40.Kg2 Rb1 41.Na8 Bd6 42.Bf2 Re2 43.Kf3 Rbxb2
44.Rxb2 Rxb2 45.a4 Rc2 46.a5 Bc5 47.Nb6 Rxf2+  0-1

[Event "VIII Dos Hermanas Internet"]
[Site "ICC INT"]
[Date "2007.03.24"]
[Round "3.1"]
[White "Ibrahimov,R"]
[Black "Shipov,S"]
[Result "0-1"]
[WhiteElo "2530"]
[BlackElo "2591"]

1.Nf3 Nf6 2.d4 d5 3.c4 dxc4 4.e3 e6 5.Bxc4 c5 6.O-O a6 7.Bb3 b5 8.a4 b4 9.Nbd2 Be7
10.e4 Bb7 11.e5 Nfd7 12.Re1 O-O 13.Nc4 cxd4 14.Nxd4 Nc5 15.Bc2 Qd5 16.Ne3 Qxe5
17.Nef5 Qf6 18.Nxe7+ Qxe7 19.Qg4 Nbd7 20.Bg5 Qd6 21.Rad1 Qb6 22.Qh4 g6 23.Re3 Rfe8
24.Rh3 Nf8 25.Nf3 b3 26.Bb1 Bxf3 27.Rxf3 f5 28.Bf6 e5 29.Bxf5 e4 30.Rg3 Nd3
31.Rf1 Ra7 32.Bxe4 Ne5 33.Bxe5 Rxe5 34.Bb1 Rf7 35.Qc4 Ne6 36.Rxb3 Qd4 37.Qxd4 Nxd4
38.Rb8+ Kg7 39.Bd3 Rd7 40.Bxa6 Nc6 41.Rb7 Rxb7 42.Bxb7 Nb4 43.g3 Re2 44.b3 Rb2
45.Ra1 Nc2 46.Rc1 Nd4 47.Bd5 Ne2+ 48.Kf1 Nxc1 49.a5 Ra2 50.b4 Ra4 51.Ke1 Nd3+
52.Kd2 Nxb4 53.Bg2 Rxa5 54.Kc3 Nd5+ 55.Kd4 Nf6 56.Bf1 Ra2 57.Ke3 Ng4+  0-1

[Event "Jose Marca Castaneda mem Open"]
[Site "Lima PER"]
[Date "2007.03.25"]
[Round "7"]
[White "Padilla,H"]
[Black "Aliaga Fernandez,I"]
[Result "0-1"]
[WhiteElo "2195"]
[BlackElo "2048"]

1.d4 d5 2.c4 dxc4 3.Nf3 Nf6 4.e3 e6 5.Bxc4 c5 6.O-O a6 7.Qe2 b5 8.Bd3 Bb7
9.a4 c4 10.Bc2 Nbd7 11.axb5 axb5 12.Rxa8 Qxa8 13.b3 Be7 14.Nc3 Ba6 15.bxc4 bxc4
16.e4 O-O 17.Rd1 Bb4 18.Na2 Ba5 19.e5 Nd5 20.Qe4 g6 21.Qh4 Bd8 22.Qh6 c3
23.Be4 Be2 24.Nxc3 Bxd1 25.Nxd1 Qa1 26.Bxd5 exd5 27.h4 Be7 28.Kh2 Rc8 29.Ng5 Nf8
30.Ne3 Qxc1 31.Nxd5 Bd8 32.g3 Qc6 33.Ne3 Bxg5 34.Qxg5 Ne6 35.Qg4 h5 36.Qd1 Qc1
37.Qxc1 Rxc1 38.d5 Nd4 39.Kg2 Kf8 40.g4 hxg4 41.Nxg4 Nf5 42.h5 gxh5 43.Nf6 Nh4+
44.Kg3 Ng6 45.f4 h4+ 46.Kg4 Rc4 47.d6 Rxf4+ 48.Kg5 Rxf6 49.Kxf6 Ke8  0-1

[Event "Vladimir Zak mem"]
[Site "St Petersburg RUS"]
[Date "2007.03.29"]
[Round "6"]
[White "Vunder,A"]
[Black "Kurilov,Vi"]
[Result "1/2-1/2"]
[WhiteElo "2255"]
[BlackElo "2316"]

1.d4 d5 2.Nf3 Nf6 3.c4 dxc4 4.e3 e6 5.Bxc4 c5 6.O-O a6 7.Bb3 Nc6 8.Nc3 b5
9.Qe2 Bb7 10.Rd1 Qb8 11.d5 exd5 12.e4 d4 13.e5 Ng8 14.Nd5  1/2-1/2

[Event "XXXVIII Open"]
[Site "Mar del Plata ARG"]
[Date "2007.04.03"]
[Round "5"]
[White "Kanefsck,G"]
[Black "Dos Santos,R"]
[Result "1/2-1/2"]
[WhiteElo "2390"]
[BlackElo "2374"]

1.d4 d5 2.c4 dxc4 3.Nf3 Nf6 4.e3 e6 5.Bxc4 c5 6.Qe2 cxd4 7.exd4 Nc6 8.O-O Be7
9.Rd1 O-O 10.Nc3 Nd5 11.a3 Bf6 12.Ne4 h6 13.b4 b6 14.Bb2 Bb7 15.Ne5  1/2-1/2

[Event "LIII Mexican Open"]
[Site "Aguascalientes MEX"]
[Date "2007.04.06"]
[Round "5"]
[White "Paz Valera,L"]
[Black "Estrada Nieto,J"]
[Result "1/2-1/2"]
[WhiteElo "2134"]
[BlackElo "2366"]

1.d4 d5 2.c4 dxc4 3.Nf3 Nf6 4.e3 e6 5.Bxc4 c5 6.O-O a6 7.a4 Nc6 8.Qe2 Qc7
9.Nbd2 Be7 10.dxc5 Bxc5 11.b3 O-O 12.Bb2 Qe7 13.Bxf6 Qxf6 14.Ne4 Qe7 15.Nxc5 Qxc5
16.Rac1 Qe7 17.e4 Bd7 18.e5 Rfd8 19.Qe3 Be8 20.Bd3 Nb4  1/2-1/2

[Event "18th Pobeskydi Hamont Cup"]
[Site "Frydek Mistek CZE"]
[Date "2007.04.06"]
[Round "3"]
[White "Jasny,S"]
[Black "Jurcik,Mari"]
[Result "1/2-1/2"]
[WhiteElo "2378"]
[BlackElo "2341"]

1.Nf3 d5 2.d4 Nf6 3.c4 dxc4 4.e3 e6 5.Bxc4 c5 6.O-O a6 7.a4 Nc6 8.Qe2 cxd4
9.Rd1 Be7 10.exd4 O-O 11.Nc3 Nb4 12.Ne5 b6 13.Bg5 Bb7 14.Nxf7 Rxf7 15.Bxe6 Nbd5
16.Bxf6 Nxf6 17.d5 Qd6 18.Ne4 Nxe4 19.Bxf7+ Kxf7 20.Qxe4 h6 21.Ra3 Bf6 22.Qe6+ Qxe6
23.dxe6+ Kxe6 24.Rb3 Kf5 25.Rxb6 Be4 26.f3 Bc2 27.Rd5+ Kg6  1/2-1/2

[Event "18th Pobeskydi Hamont Cup"]
[Site "Frydek Mistek CZE"]
[Date "2007.04.06"]
[Round "4"]
[White "Michenka,J"]
[Black "Jurcik,Mari"]
[Result "0-1"]
[WhiteElo "2344"]
[BlackElo "2341"]

1.d4 d5 2.c4 dxc4 3.Nf3 Nf6 4.e3 e6 5.Bxc4 c5 6.O-O a6 7.Bd3 Nbd7 8.Qe2 Be7
9.Rd1 Qc7 10.Nbd2 O-O 11.Nb3 b5 12.dxc5 Nxc5 13.Nxc5 Bxc5 14.Bd2 Bb7 15.Rac1 Qe7
16.e4 e5 17.Bg5 Rac8 18.Nh4 Qe6 19.Nf5 g6 20.Nh6+ Kg7 21.a4 Bd4 22.Rxc8 Rxc8
23.axb5 axb5 24.Bxf6+ Qxf6 25.Ng4 Qg5 26.h3 Rc1 27.Nh2 Bxb2 28.Nf3 Qh6 29.Bxb5 Bxe4
30.Nd2 Rxd1+ 31.Qxd1 Ba8 32.Be2 Qf4 33.Bf3 e4 34.Qc2 exf3 35.Qxb2+ Kh6 36.Nxf3 Bxf3
37.gxf3 Qxf3 38.Kh2 f6 39.Qd4 g5 40.Qa7 Kg6 41.Qb6 Kh5 42.Qa7 h6 43.Kg1 f5
44.Qf7+ Kh4 45.Qf8  0-1

[Event "Abierto"]
[Site "Berazategui ARG"]
[Date "2007.04.21"]
[Round "4"]
[White "Lafuente,P"]
[Black "Dos Santos,R"]
[Result "1/2-1/2"]
[WhiteElo "2447"]
[BlackElo "2393"]

1.d4 d5 2.c4 dxc4 3.Nf3 Nf6 4.e3 e6 5.Bxc4 c5 6.O-O a6 7.dxc5 Qxd1 8.Rxd1 Bxc5
9.Nbd2 O-O 10.Be2 Rd8 11.Ne5 b6 12.Nb3 Rxd1+ 13.Bxd1 Nbd7 14.Nxd7 Nxd7 15.Nxc5 Nxc5
16.Bd2 Bb7 17.Bc3 f6 18.Bd4 e5 19.Bxc5 bxc5 20.Rc1 Rc8 21.Bg4 Rc6 22.b3 e4
23.Rd1 Rc7 24.Rd6 Bc6 25.h4 Kf7 26.Rd8 a5 27.Be2 Ke7 28.Rg8 Kd6 29.Bc4 a4
30.Kf1 axb3 31.axb3 Ra7 32.g4 h6 33.Kg2 Ke5 34.h5 Rc7 35.Rf8 Re7 36.Kg3 Be8
37.Kh4 Kd6 38.Rg8 Ke5 39.Rh8 Kd6 40.Kg3 Ke5 41.Rf8 Bc6 42.Rc8 Kd6 43.Rf8 Ke5
44.Rb8 Ra7 45.Rc8 Kd6 46.Rg8 Ke5 47.Rb8 Kd6 48.Kf4 Ra8 49.Rxa8 Bxa8 50.Kf5 Ke7
51.Be2 Bd5 52.Bc4 Bb7 53.Kf4  1/2-1/2

[Event "9th Open"]
[Site "Dubai UAE"]
[Date "2007.04.23"]
[Round "2"]
[White "Othman,A"]
[Black "Alavi,S"]
[Result "1/2-1/2"]
[WhiteElo "2318"]
[BlackElo "2485"]

1.d4 d5 2.c4 dxc4 3.e3 Nf6 4.Bxc4 e6 5.Nf3 c5 6.O-O a6 7.dxc5 Bxc5 8.Qxd8+ Kxd8
9.Nc3 b5 10.Be2 Bb7 11.b3 Ke7 12.Bb2 Nbd7 13.Rac1 Rhc8 14.Rfd1 Nb6 15.Ne5 Nfd7
16.Nb1 Nxe5 17.Bxe5 Nd7 18.Bb2 g6 19.Nd2 Bd5 20.Nf3 f6 21.Nd4 Bd6 22.f4 e5  1/2-1/2

[Event "Chess Classic Open"]
[Site "Gausdal NOR"]
[Date "2007.04.24"]
[Round "7"]
[White "Hammer,J"]
[Black "Tallaksen,G"]
[Result "1/2-1/2"]
[WhiteElo "2346"]
[BlackElo "2415"]

1.d4 d5 2.c4 dxc4 3.Nf3 Nf6 4.e3 e6 5.Bxc4 c5 6.O-O a6 7.Bb3 b5 8.Qe2 Bb7
9.Nc3 Be7 10.Rd1 Qc7 11.a3 O-O 12.dxc5 Nbd7 13.Bc2 Bxc5 14.h3 Ne5 15.Nxe5 Qxe5
16.e4 Bd4 17.Bf4 Qxf4 18.Rxd4 Nd5 19.Nxd5 exd5 20.Rad1 dxe4 21.Bxe4 Rae8
22.f3 f5 23.Bd5+ Bxd5 24.Qxe8 Qxd4+ 25.Rxd4 Rxe8 26.Rxd5 Re2 27.Rd6 Rxb2  1/2-1/2

[Event "9th Open"]
[Site "Dubai UAE"]
[Date "2007.04.26"]
[Round "5"]
[White "Sturua,Z"]
[Black "Sadvakasov,D"]
[Result "1/2-1/2"]
[WhiteElo "2513"]
[BlackElo "2618"]

1.d4 d5 2.c4 dxc4 3.e3 Nf6 4.Bxc4 e6 5.Nf3 c5 6.O-O a6 7.dxc5 Bxc5 8.a3 b5
9.Qxd8+ Kxd8 10.Be2 Ke7 11.Nbd2 Bb7 12.b4 Bd6 13.Bb2 Nbd7 14.Nb3 Rac8 15.Rac1 Bd5
16.Nfd2 Ne4 17.Nxe4 Bxe4 18.f3 Bd5 19.Na5 f6 20.Kf2 g5 21.h3 h5 22.Rxc8 Rxc8
23.Rc1 Rxc1 24.Bxc1 h4 25.e4 Ba8 26.Bb2 Bg3+ 27.Ke3 Bf4+ 28.Kf2 Nb6 29.Nb3 Na4
30.Bd4 Bc6 31.Ke1 Be8 32.Nc5 e5 33.Bf2  1/2-1/2

[Event "TCh-RUS HL"]
[Site "Sochi RUS"]
[Date "2007.05.09"]
[Round "7"]
[White "Yevseev,D"]
[Black "Kiselev,G"]
[Result "1/2-1/2"]
[WhiteElo "2525"]
[BlackElo "2424"]

1.d4 d5 2.c4 dxc4 3.Nf3 Nf6 4.e3 e6 5.Bxc4 c5 6.O-O Nc6 7.Qe2 cxd4 8.Rd1 Be7
9.exd4 O-O 10.a3 a6 11.Nc3 Nd5 12.Ba2 Nxc3 13.bxc3 Bf6 14.Bf4 Ne7 15.c4 b5
16.c5 Nd5 17.Qe4 Bb7 18.Bg3 Ra7 19.Qd3 Bc6 20.Rac1 Qa8 21.Bb1 g6 22.Ne5 Rd8
23.Qd2 a5 24.Be4 Bg7 25.h4 Qc8 26.h5 Ne7 27.Nxc6 Nxc6 28.d5 exd5 29.Bxd5 Nd4
30.Bd6 Qf5 31.h6 Bf6 32.Ba2 Qg4 33.Qd3 Ne2+ 34.Kf1 Nxc1 35.Rxc1 Qg5 36.Re1 Qxh6
37.Kg1 Kg7 38.c6 Qg5 39.Rd1 Kg8 40.Qc2 Qg4 41.Rd3 Re8 42.Re3 Rxe3 43.fxe3 Ra8
44.c7 Qd7  1/2-1/2

[Event "TCh-RUS HL"]
[Site "Sochi RUS"]
[Date "2007.05.11"]
[Round "9"]
[White "Sergienko,S"]
[Black "Tonoian,A"]
[Result "1/2-1/2"]
[WhiteElo "2480"]
[BlackElo "2398"]

1.d4 d5 2.c4 dxc4 3.Nf3 Nf6 4.e3 e6 5.Bxc4 c5 6.O-O a6 7.b3 Nbd7 8.Bb2 Be7
9.Nbd2 O-O 10.Be2 b6 11.dxc5 Bxc5 12.Nd4 Bb7 13.Bf3 Nd5 14.Qe2 Qe7 15.a3 b5
16.b4 Bb6 17.N4b3 Rac8 18.Rac1 N7f6 19.g3 Nd7 20.Bd4 Ba8 21.Ne4 Bxd4 22.exd4 N7b6
23.Na5 Na4 24.Nc5 Qf6 25.Bg2 Ndc3 26.Qe3 Qxd4 27.Qxd4 Ne2+ 28.Kh1 Nxd4 29.Nxa6 Bxg2+
30.Kxg2 Nc2 31.Nb7 Nxa3 32.Nd6 Rxc1 33.Rxc1 Nb6 34.Rc3 Nac4 35.Nxb5 Ra8 36.Nc5 h5
37.Nd7 Ra4 38.Nxb6 Nxb6 39.Rc6 Nd5 40.Rc8+ Kh7 41.Nd6 Rxb4 42.Nxf7 Kg6 43.Ne5+ Kf6
44.f4 g5 45.Nd3  1/2-1/2

[Event "ch-UZB"]
[Site "Tashkent UZB"]
[Date "2007.05.14"]
[Round "4"]
[White "Barsov,A"]
[Black "Egin,V"]
[Result "1/2-1/2"]
[WhiteElo "2521"]
[BlackElo "2437"]

1.d4 d5 2.c4 dxc4 3.Nf3 Nf6 4.e3 e6 5.Bxc4 c5 6.O-O a6 7.dxc5 Qxd1 8.Rxd1 Bxc5
9.Be2 b6 10.Nbd2 Nbd7 11.Nc4 Bb7 12.b3 O-O 13.Bb2 Bd5 14.Rac1 Rfc8 15.Nfe5 b5
16.Nxd7 Nxd7 17.e4 Bxe4 18.Rxd7 bxc4 19.Bxc4 a5  1/2-1/2

[Event "16th TCh-CRO"]
[Site "Sibenik CRO"]
[Date "2007.05.21"]
[Round "5"]
[White "Markus,Rob"]
[Black "Mihalcisin,A"]
[Result "1-0"]
[WhiteElo "2567"]
[BlackElo "2527"]

1.d4 d5 2.Nf3 Nf6 3.c4 dxc4 4.e3 c5 5.Bxc4 e6 6.Qe2 a6 7.dxc5 Bxc5 8.O-O b5
9.Bd3 Nbd7 10.a4 b4 11.Nbd2 O-O 12.Nb3 Bb7 13.e4 a5 14.Bf4 Qb6 15.Nfd2 Ba6
16.Nc4 Bxc4 17.Bxc4 e5 18.Bg3 Rfe8 19.Rac1 Bd4 20.Nxd4 exd4 21.e5 Nf8 22.Qf3  1-0

[Event "3rd UKR Games Men"]
[Site "Evpatoria UKR"]
[Date "2007.05.23"]
[Round "4"]
[White "Budnikov,O"]
[Black "Koziak,V"]
[Result "1-0"]
[WhiteElo "2408"]
[BlackElo "2461"]

1.d4 d5 2.c4 dxc4 3.Nf3 Nf6 4.e3 e6 5.Bxc4 c5 6.O-O a6 7.Nc3 Nc6 8.Qe2 cxd4
9.Rd1 Be7 10.exd4 Nb4 11.Ne5 O-O 12.Bb3 Bd7 13.a3 Nbd5 14.Rd3 Re8 15.Rg3 Bc6
16.Bc2 Qc7 17.Qd3 Bf8 18.Nxd5 Bxd5 19.Ng4 Be7 20.Nxf6+ Bxf6 21.Bg5 Kf8 22.Qxh7 Qxg3
23.hxg3 Bxg5 24.Be4 Rad8 25.Bxd5 Rxd5 26.Qh8+ Ke7 27.Qxg7 Bf6 28.Qg4 Rc8
29.Qf3 Bxd4 30.Re1 Rcd8 31.g4 R8d7 32.Re2 Bc5 33.g3 a5 34.Kg2 b6 35.Qf4 Bd6
36.Qh6 Rd8 37.g5 Rf5 38.f4 Bc5 39.Re5 Rd2+ 40.Kh3 Bd4 41.Rxf5 exf5 42.Qh7 Ke6
43.Qg8 Ke7 44.Qc8 Bxb2 45.Qxf5 Bxa3 46.Qf6+ Ke8 47.g6 fxg6 48.Qxg6+ Kd7 49.Qxb6 Bb4
50.Kg4 Kc8 51.Qc6+ Kb8 52.Kf5 Rd6 53.Qb5+ Ka7 54.g4 Rb6 55.Qd7+ Ka6 56.g5 Bc3
57.Qc8+  1-0

[Event "3rd UKR Games Women"]
[Site "Evpatoria UKR"]
[Date "2007.05.25"]
[Round "7"]
[White "Majboroda,E"]
[Black "Kalinina,L"]
[Result "1-0"]
[WhiteElo "1962"]
[BlackElo "2170"]

1.d4 d5 2.Nf3 Nf6 3.c4 dxc4 4.e3 e6 5.Bxc4 c5 6.O-O a6 7.dxc5 Bxc5 8.Qxd8+ Kxd8
9.Rd1+ Ke7 10.b3 b6 11.Bb2 Nbd7 12.Nbd2 Bb7 13.Be2 Rhc8 14.Rac1 Ne8 15.Nc4 f6
16.Nd4 e5 17.Nf5+ Kd8 18.b4 b5 19.bxc5 bxc4 20.Bxc4 Rxc5 21.Ba3 Rc6 22.Bb4 a5
23.Be7+ Kc7 24.Bb5 Rc8 25.Bxc6 Bxc6 26.Ba3 Ra8 27.Ne7 Nb8 28.Nd5+ Kb7 29.Rb1+ Ka6
30.Rb6+ Ka7 31.Bc5 Bxd5 32.Rxd5 Na6 33.Re6+ Kb7 34.Rd7+ Nec7 35.Ree7 Kc6
36.Ba3 Rb8 37.Rd6+ Kb5 38.g3 Ka4 39.Rd3 Nb5 40.Bc1 Nb4 41.Rdd7 Nxa2 42.Bd2 Rc8
43.Rxg7 Nac3 44.Bxc3 Rxc3 45.Rb7 Rc5 46.Rxh7 Kb3 47.Rh6 f5 48.Rhb6 Kb4 49.h4 a4
50.Ra6 Rc7 51.Rb8 f4 52.exf4 exf4 53.g4  1-0

[Event "1st WCh-Team Women"]
[Site "Ekaterinburg RUS"]
[Date "2007.05.26"]
[Round "6"]
[White "Zhao Xue"]
[Black "Danielian,E"]
[Result "1/2-1/2"]
[WhiteElo "2467"]
[BlackElo "2424"]

1.d4 d5 2.c4 dxc4 3.Nf3 Nf6 4.e3 e6 5.Bxc4 c5 6.Qe2 a6 7.dxc5 Bxc5 8.O-O Nbd7
9.e4 b5 10.Bd3 Bb7 11.a4 bxa4 12.Rxa4 Bc6 13.Ra1 O-O 14.Nbd2 Be7 15.Rxa6 Rxa6
16.Bxa6 Nc5 17.e5 Nd5 18.Bc4 Nf4 19.Qe3 Nd5 20.Qd4 Qa8 21.Qg4 Nb6 22.Nd4 Bd5
23.Be2 Rb8 24.Qg3 Qa4 25.Nb5 Qc2 26.Nd4 Qa4 27.Nb5 Qc2 28.Na3 Qa4 29.Bb5 Qb4
30.Qc3 Nca4 31.Qxb4 Bxb4 32.Nc2 Bxd2 33.Bxd2 Nxb2 34.Rb1 N2c4 35.Bxc4 Bxc4
36.Ne3 Bd3 37.Rb3 Bg6 38.f4 Nd7 39.Rxb8+  1/2-1/2

[Event "XXII Felix Cup"]
[Site "Felix Spa ROM"]
[Date "2007.05.26"]
[Round "3"]
[White "Manolache,M"]
[Black "Bonte,An"]
[Result "1-0"]
[WhiteElo "2504"]
[BlackElo "2305"]

1.d4 d5 2.Nf3 Nf6 3.c4 dxc4 4.e3 e6 5.Bxc4 c5 6.O-O a6 7.Bd3 Nc6 8.Nc3 cxd4
9.exd4 Be7 10.Bg5 O-O 11.Rc1 Nd5 12.Nxd5 Bxg5 13.Nxg5 Qxg5 14.Nb6 Rb8 15.Be4 Qd8
16.Nxc8 Rxc8 17.Qd3 g6 18.Rc4 Qb6 19.Qc3 Rfd8 20.Rd1 Ne7 21.b3 Rb8 22.h4 Nd5
23.Qc1 Qd6 24.h5 Rd7 25.Rc5 Rbd8 26.Bxd5 exd5 27.Re1 Re7 28.h6 Rxe1+ 29.Qxe1 f6
30.Qc1 Re8 31.Rc7 Re7 32.Rc8+ Kf7 33.Rh8 Ke6 34.f3 Qc7 35.Qe3+ Kd7 36.Qxe7+  1-0

[Event "zt 2.3 w"]
[Site "Santo Domingo DOM"]
[Date "2007.05.29"]
[Round "1"]
[White "Han,Ir"]
[Black "Franco,Ang"]
[Result "1-0"]
[WhiteElo "2072"]
[BlackElo "2124"]

1.d4 d5 2.c4 dxc4 3.Nf3 Nf6 4.e3 e6 5.Bxc4 c5 6.Nc3 a6 7.Bb3 cxd4 8.exd4 Bb4
9.O-O O-O 10.Bg5 h6 11.Bh4 Nc6 12.Bc2 Be7 13.a3 g5 14.Bg3 g4 15.Ne5 Nxd4
16.Nxg4 Nxc2 17.Nxf6+ Bxf6 18.Qxc2 b5 19.Qe4 Bd7 20.Rfd1 Qe8 21.Qg4+ Kh7
22.Qe4+ Kh8 23.Qe3 Bg7 24.Bf4 Bc6 25.Bxh6 Rd8 26.Qg5 Bxh6 27.Qxh6+ Kg8 28.Rxd8 Qxd8
29.Rd1 Qc8 30.Qg5+  1-0

[Event "ch-St Petersburg"]
[Site "St Petersburg RUS"]
[Date "2007.05.29"]
[Round "1"]
[White "Smirnov,Arte"]
[Black "Biriukov,O"]
[Result "1/2-1/2"]
[WhiteElo "2403"]
[BlackElo "2379"]

1.d4 d5 2.c4 dxc4 3.Nf3 Nf6 4.e3 e6 5.Bxc4 c5 6.Qe2 Nc6 7.O-O cxd4 8.exd4 Be7
9.Nc3 O-O 10.Rd1 Na5 11.Bd3 b6 12.Bg5 Bb7 13.Re1 Bxf3 14.Qxf3 Qxd4 15.Rad1 Qc5
16.Bxf6 Bxf6 17.Ne4 Qf5 18.Nxf6+ Qxf6 19.Qe4 Rfc8 20.b4 Nc6 21.Ba6 Ne7 22.Bxc8 Rxc8
23.Qb7 g6 24.Re3 Rc2 25.Rf3 Qd4 26.Rf1 Qxb4 27.Qxa7 Qd6 28.Qa4 Rc8 29.Qh4 Nd5
30.h3 b5 31.Rd1 Rc4 32.Qg5 b4 33.Qd2 Qc5 34.Qd3 h5 35.g3 h4 36.g4 Rc2 37.a3 Rc3
38.Qe4 bxa3 39.Rxc3 Qxc3 40.Qd3 Kg7 41.Qxc3+ Nxc3 42.Ra1 a2 43.g5 e5 44.Kg2 Ne4
45.Rxa2 Nxg5 46.Ra4 e4 47.f4 exf3+ 48.Kf2 Nxh3+ 49.Kxf3 Ng5+ 50.Kg4 Ne6 51.Kxh4 f5
52.Kg3 Kf6 53.Ra6 g5 54.Ra4 Nc5 55.Ra8 Ne4+ 56.Kf3 Kg6 57.Rg8+ Kf7 58.Ra8 Nf6
59.Ra7+ Ke6 60.Ra6+ Ke5 61.Ra5+ Nd5 62.Kg3  1/2-1/2

[Event "35th World Open"]
[Site "King of Prussia USA"]
[Date "2007.06.02"]
[Round "5"]
[White "Arnold,M"]
[Black "Coraretti,B"]
[Result "1-0"]
[WhiteElo "2237"]
[BlackElo "1956"]

1.d4 d5 2.c4 dxc4 3.Nf3 Nf6 4.e3 e6 5.Bxc4 c5 6.O-O a6 7.Bb3 Nc6 8.Nc3 Be7
9.dxc5 Bxc5 10.Qxd8+ Kxd8 11.e4 Nd7 12.Rd1 Ke7 13.Bf4 f6 14.Rac1 Ba7 15.Bd6+ Kf7
16.Ne2 Bb8 17.Nfd4 Nxd4 18.Rxd4 Re8 19.Bxb8 Nxb8 20.Rc7+ Kf8 21.Ba4 b5 22.Bb3 a5
23.a3 Ra6 24.f4 Rb6 25.e5 Na6 26.Rc3 Ke7 27.Rg3 g6 28.Rh3 Rh8 29.exf6+ Kxf6
30.Re3 Re8 31.g4 Nc5 32.Bc2 Kf7 33.b4 axb4 34.axb4 Nb7 35.Bb3 Nd8 36.Nc3 Bb7
37.Rd7+ Kg8 38.f5 gxf5 39.gxf5 Ra6 40.fxe6 Ra1+ 41.Kf2  1-0

[Event "Atlantis Meestertienkamp"]
[Site "Groningen NED"]
[Date "2007.06.10"]
[Round "1"]
[White "Hoeksema,E"]
[Black "Clemens,A"]
[Result "0-1"]
[WhiteElo "2369"]
[BlackElo "2327"]

1.d4 Nf6 2.Nf3 d5 3.c4 dxc4 4.e3 e6 5.Bxc4 c5 6.O-O a6 7.Bb3 b5 8.a4 b4 9.e4 cxd4
10.e5 Nfd7 11.Bg5 Be7 12.Bxe7 Qxe7 13.Nbd2 Nc6 14.Nc4 O-O 15.Nxd4 Ndxe5 16.Nb6 Rb8
17.a5 Bb7 18.Nxc6 Nxc6 19.Qg4 Rbd8 20.Rfe1 Rd2 21.Nc4 Rd4 22.Qg3 Rfd8 23.Ne3 Qd6
24.Qxd6 R4xd6 25.Rec1 g6 26.h3 Rd2 27.Nc4 R2d3 28.Bc2 R3d4 29.Bb3 Ne7 30.Ne3 Nc6
31.Nc4 Kg7 32.Bd1 Ne7 33.Be2 Nf5 34.Bf1 Kf6 35.Re1 R4d5 36.Ne3 Nxe3 37.Rxe3 Rd1
38.Re1 Rxa1 39.Rxa1 Rd2 40.b3 Rb2 41.Bc4 Bd5 42.Bxa6 Rxb3 43.Bf1 Ra3 44.Rb1 b3
45.a6 Ke5 46.f3 Kd4 47.Kf2 Ra2+  0-1

[Event "Atlantis Meestertienkamp"]
[Site "Groningen NED"]
[Date "2007.06.12"]
[Round "4"]
[White "Van Beek,Al"]
[Black "Brandenburg,D"]
[Result "1-0"]
[WhiteElo "2386"]
[BlackElo "2421"]

1.Nf3 d5 2.d4 Nf6 3.c4 dxc4 4.e3 e6 5.Bxc4 c5 6.O-O a6 7.a4 Nc6 8.Qe2 cxd4
9.Rd1 Be7 10.exd4 O-O 11.Nc3 Nb4 12.Ne5 Bd7 13.h4 Be8 14.h5 Rc8 15.Bb3 Nfd5
16.Qf3 Rc7 17.Bd2 b6 18.Rac1 Bg5 19.Nxd5 Nxd5 20.Rxc7 Nxc7 21.Bb4 Be7 22.Bxe7 Qxe7
23.Rc1 Nd5 24.h6 gxh6 25.Bxd5 exd5 26.Rc7 Qxc7 27.Qg3+ Kh8 28.Ng6+ hxg6 29.Qxc7 Bxa4
30.Qxb6 Bb5 31.Qd6 Rc8 32.Qxd5 Kg8 33.Qe5 Rc1+ 34.Kh2 Rc2 35.d5 Rxf2 36.Qd4 Re2
37.d6 Bc6 38.d7 Bxd7 39.Qxd7 Re6 40.Qd8+ Kg7 41.g4 Kh7 42.Kg3 g5 43.Qf8 Kg6
44.Qh8 Rb6 45.Qg8+  1-0

[Event "ch-COL w"]
[Site "Cartagena de Indias COL"]
[Date "2007.06.16"]
[Round "4"]
[White "Palao,M"]
[Black "Franco,Ang"]
[Result "1-0"]
[WhiteElo "2142"]
[BlackElo "2124"]

1.d4 d5 2.Nf3 Nf6 3.c4 dxc4 4.e3 e6 5.Bxc4 c5 6.O-O a6 7.a4 Nc6 8.Qe2 Qc7
9.Nc3 Bd6 10.h3 O-O 11.Rd1 Na5 12.Ba2 Bd7 13.e4 cxd4 14.Rxd4 Bc5 15.Rd1 Bc6
16.Bg5 Nd7 17.Rab1 Bb4 18.Rbc1 Nb6 19.Rd4 Bc5 20.Nd5 exd5 21.Rxc5 Nd7 22.Rc1 dxe4
23.Rxe4 Qb6 24.Rf4 Nb3 25.Rc3 Nbc5 26.Be7 Nxa4 27.Rc2 Rae8 28.Ng5 Bb5 29.Qh5 Bd3
30.Rxf7 Kh8 31.Rxf8+ Rxf8 32.Bxf8 Bxc2 33.Qf7  1-0

[Event "11th Master Open"]
[Site "Voronezh RUS"]
[Date "2007.06.18"]
[Round "6"]
[White "Rakhmanov,A"]
[Black "Vorobiov,E"]
[Result "1/2-1/2"]
[WhiteElo "2497"]
[BlackElo "2580"]

1.d4 d5 2.c4 dxc4 3.Nf3 e6 4.e3 Nf6 5.Bxc4 c5 6.O-O a6 7.a4 Nc6 8.Qe2 Qc7
9.Rd1 Bd6 10.Nc3 O-O 11.h3 b6 12.d5 exd5 13.Bxd5 Bb7 14.e4 Rae8 15.Bg5 Nd4
16.Nxd4 Nxd5 17.Nxd5 Bxd5 18.Nf5 Rxe4 19.Qh5 f6 20.Rxd5 Bh2+ 21.Kh1 fxg5
22.Qxg5 Re5 23.Rxe5 Bxe5 24.Re1 Bxb2 25.Qg4 Kh8 26.Re2 Ba1 27.Re7 Qd8 28.Qe4 Bf6
29.Rb7 Re8 30.Qc6 h6 31.g3 Re1+ 32.Kg2 Qd3 33.Ne3 Bd4 34.Rb8+ Kh7 35.Qd5 Qb1
36.h4 Bxe3 37.h5 Rg1+ 38.Kh2 Rh1+ 39.Qxh1 Qf5 40.Qd1 Qxf2+ 41.Kh3 Qf5+ 42.g4 Qe4
43.Rxb6 c4 44.Rb2 c3 45.Qc2 Qxc2 46.Rxc2 Bd2 47.Kg3 Kg8 48.Kf3 Kf7 49.Ke2 Kf6
50.Ra2 Kg5 51.Kf3  1/2-1/2

[Event "11th Master Open"]
[Site "Voronezh RUS"]
[Date "2007.06.19"]
[Round "7"]
[White "Gleizerov,E"]
[Black "Mihajlovskij,S"]
[Result "1/2-1/2"]
[WhiteElo "2570"]
[BlackElo "2492"]

1.d4 d5 2.c4 dxc4 3.Nf3 Nf6 4.e3 e6 5.Bxc4 c5 6.O-O cxd4 7.exd4 Be7 8.Nc3 O-O
9.Bg5 Nbd7 10.Ne5 Nd5 11.Bxe7 Nxe7 12.Re1 Nf6 13.Qd3 Bd7 14.Rad1 Bc6 15.Nxc6 bxc6
16.Na4  1/2-1/2

[Event "III Perla Baltyku A"]
[Site "Mielno POL"]
[Date "2007.06.20"]
[Round "3"]
[White "Schmidt,Wl"]
[Black "Przybylski,W"]
[Result "1/2-1/2"]
[WhiteElo "2415"]
[BlackElo "2320"]

1.d4 d5 2.c4 dxc4 3.Nf3 Nf6 4.e3 e6 5.Bxc4 c5 6.O-O a6 7.Bb3 cxd4 8.exd4 Nc6
9.Nc3 Be7 10.Re1 O-O 11.a3 Na5 12.Ba2 b5 13.d5 exd5 14.Nxd5 Nxd5 15.Bxd5 Bb7
16.Bxb7 Nxb7 17.Bf4 Bd6 18.Bxd6 Nxd6 19.Ne5 Rc8 20.Qf3  1/2-1/2

[Event "Open"]
[Site "Pula CRO"]
[Date "2007.06.30"]
[Round "9"]
[White "Jankovic,A"]
[Black "Stevic,H"]
[Result "1-0"]
[WhiteElo "2541"]
[BlackElo "2506"]

1.d4 d5 2.c4 dxc4 3.Nf3 Nf6 4.e3 e6 5.Bxc4 c5 6.O-O a6 7.Bb3 Nc6 8.Nc3 cxd4
9.exd4 Be7 10.Bg5 O-O 11.Qd2 b5 12.d5 exd5 13.Nxd5 Nxd5 14.Bxd5 Bxg5 15.Nxg5 Bf5
16.Rad1 Rc8 17.Qf4 Qf6 18.Ne4 Bxe4 19.Qxf6 gxf6 20.Bxe4 Ne5 21.b3 Rfd8 22.f4 Ng4
23.Rfe1 Rxd1 24.Rxd1 Ne3 25.Re1 Rc3 26.Kf2 Ng4+ 27.Ke2 Nxh2 28.Rh1 Ng4 29.Bxh7+ Kg7
30.Rh3 Rc5 31.Bd3 b4 32.Rh7+ Kg8 33.Rh4 f5 34.Rh5 Nf6 35.Rxf5 Rxf5 36.Bxf5 Nd5
37.Kd3 Nxf4+ 38.Kc4 a5 39.Kb5 Nxg2 40.Kxa5 Ne3 41.Be4 f5 42.Bd3 Kf7 43.Kxb4 Ke6
44.Kc5 f4 45.a4 f3 46.a5 Kd7 47.a6 Kc7 48.b4 f2 49.b5 f1=Q 50.b6+ Kb8 51.a7+ Kb7
52.Be4+ Kc8 53.a8=Q+ Kd7 54.Qc6+ Ke7 55.Qd6+ Kf7 56.Qg6+ Ke7 57.Qg5+  1-0